<?xml version="1.0" encoding="UTF-8"?>
<marc:record xmlns:marc="http://www.loc.gov/MARC21/slim">
   <marc:leader>00000nam a2200000 a 4500</marc:leader>
   <marc:datafield ind1="1" ind2=" " tag="100">
      <marc:subfield code="a">Werkmeister, Meike</marc:subfield>
      <marc:subfield code="4">aut</marc:subfield>
      <marc:subfield code="e">Verfasser/-in</marc:subfield>
   </marc:datafield>
   <marc:datafield ind1=" " ind2=" " tag="653">
      <marc:subfield code="a">Fiktionale Darstellung</marc:subfield>
   </marc:datafield>
   <marc:datafield ind1=" " ind2=" " tag="653">
      <marc:subfield code="a">Erzählende Literatur: Gegenwartsliteratur ab 1945</marc:subfield>
   </marc:datafield>
   <marc:datafield ind1=" " ind2=" " tag="653">
      <marc:subfield code="a">Frauenromane</marc:subfield>
   </marc:datafield>
   <marc:datafield ind1=" " ind2=" " tag="653">
      <marc:subfield code="a">Romane für Frauen</marc:subfield>
   </marc:datafield>
   <marc:datafield ind1=" " ind2=" " tag="653">
      <marc:subfield code="a">Buch</marc:subfield>
   </marc:datafield>
   <marc:datafield ind1=" " ind2=" " tag="653">
      <marc:subfield code="a">Bücher</marc:subfield>
   </marc:datafield>
   <marc:datafield ind1=" " ind2=" " tag="653">
      <marc:subfield code="a">Taschenbuch</marc:subfield>
   </marc:datafield>
   <marc:datafield ind1=" " ind2=" " tag="653">
      <marc:subfield code="a">Liebesromane</marc:subfield>
   </marc:datafield>
   <marc:datafield ind1=" " ind2=" " tag="653">
      <marc:subfield code="a">ebooks</marc:subfield>
   </marc:datafield>
   <marc:datafield ind1=" " ind2=" " tag="653">
      <marc:subfield code="a">über dem meer tanzt das licht</marc:subfield>
   </marc:datafield>
   <marc:datafield ind1=" " ind2=" " tag="653">
      <marc:subfield code="a">am horizont wartet die sonne</marc:subfield>
   </marc:datafield>
   <marc:datafield ind1=" " ind2=" " tag="653">
      <marc:subfield code="a">das glück riecht nach sommer</marc:subfield>
   </marc:datafield>
   <marc:datafield ind1=" " ind2=" " tag="653">
      <marc:subfield code="a">der wind singt unser lied</marc:subfield>
   </marc:datafield>
   <marc:datafield ind1=" " ind2=" " tag="653">
      <marc:subfield code="a">sterne glitzern auch im schnee</marc:subfield>
   </marc:datafield>
   <marc:datafield ind1=" " ind2=" " tag="653">
      <marc:subfield code="a">sterne sieht man nur im dunkeln</marc:subfield>
   </marc:datafield>
   <marc:datafield ind1=" " ind2=" " tag="653">
      <marc:subfield code="a">am himmel funkelt ein neuer tag</marc:subfield>
   </marc:datafield>
   <marc:datafield ind1=" " ind2=" " tag="653">
      <marc:subfield code="a">Los Angeles</marc:subfield>
   </marc:datafield>
   <marc:datafield ind1=" " ind2=" " tag="653">
      <marc:subfield code="a">cardiff-by-the-sea</marc:subfield>
   </marc:datafield>
   <marc:datafield ind1=" " ind2=" " tag="653">
      <marc:subfield code="a">Kalifornien</marc:subfield>
   </marc:datafield>
   <marc:datafield ind1="0" ind2="0" tag="245">
      <marc:subfield code="a">Über den Wolken wohnen die Träume</marc:subfield>
   </marc:datafield>
   <marc:datafield ind1="0" ind2="0" tag="245">
      <marc:subfield code="b">Roman</marc:subfield>
   </marc:datafield>
   <marc:datafield ind1="0" ind2="0" tag="245">
      <marc:subfield code="c">Werkmeister, Meike</marc:subfield>
   </marc:datafield>
   <marc:datafield ind1=" " ind2="1" tag="264">
      <marc:subfield code="a">München</marc:subfield>
      <marc:subfield code="b">Goldmann</marc:subfield>
   </marc:datafield>
   <marc:datafield ind1=" " ind2=" " tag="250">
      <marc:subfield code="a">Originalausgabe, 1. Auflage</marc:subfield>
   </marc:datafield>
   <marc:datafield ind1="1" ind2=" " tag="520">
      <marc:subfield code="a">Morlen träumt von der großen weiten Welt. Heather von etwas mehr Leichtigkeit ... &#xD;
&#xD;
 &#xD;
&#xD;
 Eine Reise ins sonnige Kalifornien! Voller Vorfreude fliegt die 17-jährige Morlen nach Cardiff-by-the-Sea, einen kleinen Küstenort südlich von Los Angeles. Hier wirkt alles irgendwie größer als zu Hause auf Norderney: die Häuser, die hoch gewachsenen Palmen, die riesigen Pazifikwellen. Heather, eine alte Freundin ihrer Mutter, empfängt sie mit offenen Armen, doch die Stimmung zwischen ihr und ihrem Ehemann Gary ist längst nicht so gut wie das kalifornische Wetter. Während Morlen versucht, ihre Gefühle für Surferboy Charlie und Gastbruder Tom zu sortieren, träumt Heather insgeheim davon, selbst noch mal ein Abenteuer zu erleben. Werden sie beide ihr Glück finden? &#xD;
 Der große neue Sommerroman der Nr. 1-SPIEGEL-Bestsellerautorin  mit liebevoll illustriertem farbigen Anhang.  &#xD;
 Pressestimmen zu Meike Werkmeister und ihren Romanen:  &#xD;
 »Meike Werkmeisters Geschichten machen einfach glücklich.« Karla Paul &#xD;
 »Sie ist wie ihre Bücher: witzig, sympathisch und klug.« NDR 90,3 Kulturjournal &#xD;
 »Familie, Liebe, Meergefühl und Strandkorb-Feeling  das erzählt keine schöner als Meike Werkmeister!« emotion &#xD;
 »Die perfekte Sommerlektüre, um abzuschalten und sich unterhalten zu lassen.« bellestristik-couch.de &#xD;
 »Ein Roman wie eine beste Freundin, den man fest in sein Herz schließt.« Feel Good Magazin &#xD;
 »Trifft mitten ins Herz und macht glücklich.« Grazia &#xD;
 »Ein Roman, der uns zeigt, dass wir uns trauen sollten, auf unser Herz zu hören.« JOY</marc:subfield>
   </marc:datafield>
   <marc:datafield ind1=" " ind2=" " tag="020">
      <marc:subfield code="a">9783442495153</marc:subfield>
      <marc:subfield code="9">9783442495153</marc:subfield>
   </marc:datafield>
   <marc:datafield ind1=" " ind2=" " tag="020">
      <marc:subfield code="a">3442495156</marc:subfield>
      <marc:subfield code="9">3442495156</marc:subfield>
   </marc:datafield>
   <marc:datafield ind1=" " ind2=" " tag="041">
      <marc:subfield code="a">ger</marc:subfield>
   </marc:datafield>
   <marc:datafield ind1=" " ind2=" " tag="338">
      <marc:subfield code="a">Band</marc:subfield>
   </marc:datafield>
   <marc:datafield ind1=" " ind2=" " tag="300">
      <marc:subfield code="a">668 Seiten</marc:subfield>
   </marc:datafield>
</marc:record>
